Sei la mia vita /

Salvato in:
Dettagli Bibliografici
Autore principale: Ozpetek, Ferzan (Autore)
Natura: Libro
Lingua:italiano
Pubblicazione: Milano : Mondadori, 2015
Serie:Strade blu. Non fiction
Soggetti:
Tags: Aggiungi Tag
Nessun Tag, puoi essere il primo ad aggiungerne!!

MARC

LEADER 00000nam a2200000 i 4500
001 IT\ICCU\TO0\1933952
003 ItRI
005 20260223152052.0
008 150507s2015 it |||||| ||||| |||||c
020 |a 9788804653011 
040 |b ita  |c importazione bologna sebina 
041 7 |a ita  |2 ISO-639-2 
082 |a 858.9203  |2 21 
100 1 |a Ozpetek, Ferzan  |0 IT\ICCU\REAV\096588  |4 aut 
240 1 0 |a Sei la mia vita  |9 Ozpetek, Ferzan 
245 1 0 |a Sei la mia vita /  |c Ferzan Ozpetek. 
260 |a Milano :  |b Mondadori,  |c 2015 
300 |a 218 p. ;  |c 21 cm 
500 |a A pagina IV di copertina: eBook disponibile 
650 7 |a Ozpetek, Ferzan 
830 0 |a Strade blu. Non fiction  |0 IT\ICCU\RMS\1639868 
942 |2 ddc  |c BK  |n 0 
952 |0 0  |1 0  |2 ddc  |4 0  |6 858_920300000000000_OZP_SEI  |7 1  |9 3790  |a AO  |b AO  |d 2025-04-18  |l 0  |o 858.9203 OZP SEI  |p 11038  |r 2025-04-18 11:25:59  |w 2025-04-18  |x Di proprietà di Giulio Gasperini  |y BK 
952 |0 0  |1 0  |2 ddc  |4 0  |6 858_920300000000000_OZP_SEI  |7 1  |9 3857  |a GE  |b GE  |d 2025-04-18  |l 0  |o 858.9203 OZP SEI  |p 1554  |r 2025-04-18 16:25:42  |w 2025-04-18  |x Donazione di Alvaro Bazzano  |y BK  |z Donazione AB 
952 |0 0  |1 0  |4 0  |6 DOC_853_920000000000000_OZP  |7 0  |9 19082  |a BO  |b BO  |d 2026-01-15  |i 17915  |l 0  |o DOC 853.92 OZP  |p BO17915  |r 2026-01-15 23:20:29  |w 2026-01-15  |x [Sebina 5] [1 v.]  |y BK  |z 1 v. 
999 |c 16226  |d 16226